| 000 | 00927nam a2200253Ia 4500 | ||
|---|---|---|---|
| 008 | 100315s9999 xx 000 0 und d | ||
| 020 | _a0-385-26095-4 | ||
| 040 | _cENGLISH | ||
| 082 |
_b4615 _a658.4 |
||
| 100 | _a"Senge, Peter M. " | ||
| 245 | _aThe Fifth Discipline : The Art & Practice of The Learning Organization | ||
| 250 | _a1st | ||
| 260 |
_aNew York _bDoubleday _c1994 |
||
| 300 | _a"XIII,423P " | ||
| 365 |
_eRupees _d1 _b528.80 |
||
| 366 | _f20 | ||
| 505 | _gDYK | ||
| 530 |
_bKAMAL BOOKS 057(A)/30-01-2004 _a057(A)/30-01-2004 |
||
| 620 | _a"WORK GROUPS, EXPANTION IN THE CAPACITY OF PEOPLE TO CREAT THE RESULT THEY TRULY DESIRE,, " | ||
| 630 | _aThe Fifth Discipline : The Art & Practice of The Learning Organization | ||
| 650 | _aORGANIZATIONAL EFFECTIVENESS | ||
| 730 | _aThe Fifth Discipline : The Art & Practice of The Learning Organization | ||
| 942 | _cBOOK | ||
| 999 |
_c479350 _d479347 |
||